00366nam a2200109Ia 4500008004100000082000800041100001500049245007600064942000600140952009500146999001500241240331s9999 xx 000 0 und d bFLE aFletcher,R 4aThe Family and Marriage in Britain :bAn Analysis and Moral Assessment  cL 001040708LaWERCLbWERCLcSSCd2024-03-31l0o 306 FLEp6715r2024-03-31w2024-03-31yL c5685d5685